header

Lincoln and the election of 1860 (Record no. 145814)

MARC details
000 -LEADER
fixed length control field 01903nam a2200433 a 4500
082 04 - DEWEY DECIMAL CLASSIFICATION NUMBER
Classification number 973.7092
100 1# - MAIN ENTRY--AUTHOR NAME
Personal name Green, Michael S.
245 10 - TITLE STATEMENT
Title Lincoln and the election of 1860
260 ## - PUBLICATION, DISTRIBUTION, ETC. (IMPRINT)
Place of publication Carbondale :
Name of publisher Southern Illinois University Press,
Year of publication 2011.
300 ## - PHYSICAL DESCRIPTION
Number of Pages xi, 136 p.
490 1# - SERIES STATEMENT
Series statement Concise Lincoln library
505 0# - FORMATTED CONTENTS NOTE
Formatted contents note Prelude to a turning point -- Tasting a candidacy -- Everybody's second choice -- From candidate to leader -- The making of the president, 1860.
650 #0 - SUBJECT ADDED ENTRY--TOPICAL TERM
Topical Term Presidents
Topical Term Political campaigns
Topical Term Presidential candidates
Topical Term Presidents
856 40 - ELECTRONIC LOCATION AND ACCESS
Uniform Resource Identifier http://site.ebrary.com/lib/rucke/Doc?id=10528279

No items available.

© 2026 Rongo University
Contact us: librarian | system librarian | Rongo university